<?xml version="1.0" encoding="UTF-8"?>
<record
    xmlns:xsi="http://www.w3.org/2001/XMLSchema-instance"
    xsi:schemaLocation="http://www.loc.gov/MARC21/slim http://www.loc.gov/standards/marcxml/schema/MARC21slim.xsd"
    xmlns="http://www.loc.gov/MARC21/slim">

  <leader>01347namaa22003131i 4500</leader>
  <controlfield tag="005">20260506104039.0</controlfield>
  <controlfield tag="008">260506s1994    ua a|||frm||| 000 0 eng d</controlfield>
  <datafield tag="040" ind1=" " ind2=" ">
    <subfield code="a">EG-GICUC</subfield>
    <subfield code="b">eng</subfield>
    <subfield code="c">EG-GICUC</subfield>
    <subfield code="d">EG-GICUC</subfield>
    <subfield code="e">rda</subfield>
  </datafield>
  <datafield tag="041" ind1="0" ind2=" ">
    <subfield code="a">eng</subfield>
    <subfield code="b">eng</subfield>
    <subfield code="b">ara</subfield>
  </datafield>
  <datafield tag="049" ind1=" " ind2=" ">
    <subfield code="a">Deposite</subfield>
  </datafield>
  <datafield tag="097" ind1=" " ind2=" ">
    <subfield code="a">M.Sc</subfield>
  </datafield>
  <datafield tag="099" ind1=" " ind2=" ">
    <subfield code="a">Cai01.16.03.M.Sc.1994.Hu.L.</subfield>
  </datafield>
  <datafield tag="100" ind1="0" ind2=" ">
    <subfield code="a">Hussien Ehssan EL-Atfy, </subfield>
    <subfield code="e">preparation.</subfield>
  </datafield>
  <datafield tag="245" ind1="1" ind2="0">
    <subfield code="a">Land Drainage In The African Sub-Hummid Tropics Of Kilimanjaro Region In Tanzania / </subfield>
    <subfield code="c">By Hussien Ehssan EL-Atfy; Supervised By Prof.Dr. Tarik Labib, Prof. Dr. Safwat Abdel-Dayem.</subfield>
  </datafield>
  <datafield tag="246" ind1="1" ind2="5">
    <subfield code="a">&#x635;&#x631;&#x641; &#x627;&#x644;&#x623;&#x631;&#x627;&#x636;&#x64A; &#x634;&#x628;&#x647; &#x627;&#x644;&#x631;&#x637;&#x628;&#x629; &#x627;&#x644;&#x625;&#x633;&#x62A;&#x648;&#x627;&#x626;&#x64A;&#x629; &#x628;&#x623;&#x641;&#x624;&#x64A;&#x642;&#x64A;&#x627; (&#x645;&#x646;&#x637;&#x642;&#x629; &#x643;&#x644;&#x64A;&#x645;&#x646;&#x62C;&#x627;&#x631;&#x648;-&#x62A;&#x646;&#x632;&#x627;&#x646;&#x64A;&#x627;) /</subfield>
  </datafield>
  <datafield tag="264" ind1=" " ind2="0">
    <subfield code="c">1994.</subfield>
  </datafield>
  <datafield tag="300" ind1=" " ind2=" ">
    <subfield code="a">7-10 pages : </subfield>
    <subfield code="b">illustrations ; </subfield>
    <subfield code="c">30 cm. + </subfield>
  </datafield>
  <datafield tag="336" ind1=" " ind2=" ">
    <subfield code="2">rda content</subfield>
    <subfield code="a">text</subfield>
  </datafield>
  <datafield tag="337" ind1=" " ind2=" ">
    <subfield code="2">rdamedia</subfield>
    <subfield code="a">Unmediated</subfield>
  </datafield>
  <datafield tag="338" ind1=" " ind2=" ">
    <subfield code="2">rdacarrier</subfield>
    <subfield code="a">volume</subfield>
  </datafield>
  <datafield tag="502" ind1=" " ind2=" ">
    <subfield code="a">Thesis (M.Sc.) -Cairo University, 1994. </subfield>
  </datafield>
  <datafield tag="504" ind1=" " ind2=" ">
    <subfield code="a">Bibliography: pages 7-1-7-10.</subfield>
  </datafield>
  <datafield tag="653" ind1=" " ind2="0">
    <subfield code="a">Natural Resources </subfield>
  </datafield>
  <datafield tag="700" ind1="0" ind2=" ">
    <subfield code="a">Tarik Labib </subfield>
    <subfield code="e">thesis advisor.</subfield>
  </datafield>
  <datafield tag="700" ind1="0" ind2=" ">
    <subfield code="a">Safwat Abdel-Dayem</subfield>
    <subfield code="e">thesis advisor.</subfield>
  </datafield>
  <datafield tag="900" ind1=" " ind2=" ">
    <subfield code="D">Department of Natural Resources </subfield>
    <subfield code="F">Faculty of Institute Of African Researches </subfield>
    <subfield code="U">Cairo University</subfield>
    <subfield code="b">1994</subfield>
    <subfield code="c">Tarik Labib </subfield>
    <subfield code="c">Safwat Abdel-Dayem</subfield>
  </datafield>
  <datafield tag="905" ind1=" " ind2=" ">
    <subfield code="a">Eman El gebaly </subfield>
  </datafield>
  <datafield tag="942" ind1=" " ind2=" ">
    <subfield code="2">ddc</subfield>
    <subfield code="c">TH</subfield>
    <subfield code="e">21</subfield>
    <subfield code="n">0</subfield>
  </datafield>
  <datafield tag="999" ind1=" " ind2=" ">
    <subfield code="c">180013</subfield>
  </datafield>
  <datafield tag="952" ind1=" " ind2=" ">
    <subfield code="2">ddc</subfield>
    <subfield code="9">317822</subfield>
    <subfield code="a">CUCL</subfield>
    <subfield code="b">100</subfield>
    <subfield code="d">2026-05-06</subfield>
    <subfield code="i">25830</subfield>
    <subfield code="o">Cai01.16.03.M.Sc.1994.Hu.L.</subfield>
    <subfield code="p">01010110025830000</subfield>
    <subfield code="r">2026-05-06 09:41:15</subfield>
    <subfield code="w">2026-05-06</subfield>
    <subfield code="y">TH</subfield>
  </datafield>
</record>
